Manual de processo do trabalho

Bibliographic Details
Main Author: Bezerra Leite, Carlos Henrique
Format: eBook
Language:Portuguese
Published: San Pablo: LTR, 2019
Edition:4ta. Edicin̤
Subjects:
Online Access:Acceso restringido

MARC

LEADER 00000nam a22000007a 4500
005 20190910222929.0
007 cr|||| ||||
008 190910s2019 br |||||s|||| 00||0 por d
020 |a 978-85-361-9931-3 
035 |a 30235 
040 |a vLex 
090 |c 9459  |d 9459 
100 1 |a Bezerra Leite, Carlos Henrique 
245 1 0 |a Manual de processo do trabalho  |h [Recurso electrn̤ico] /  |c Carlos Henrique Bezerra Leite 
250 |a 4ta. Edicin̤ 
256 |a Servicio en ln̕ea 
260 |a San Pablo:  |b LTR,  |c 2019 
300 |a 1 recurso electrn̤ico 
506 1 |a Disponible solo en los productos indicados  |d vLex Global  |d vLex Global (Academic Edition, excluding Law Schools)  |d vLex Global (U.S. Academic Edition, Law Schools)  |d vLex Global (U.S. Academic Edition, excluding Law Schools)  |d vLex Global (Academic Edition, Law Schools) 
650 0 4 |a Procedimiento Laboral  |z Brasil 
740 0 |a vLex Libros (Servicio en ln̕ea) 
856 4 0 |u http://vlex.com/source/manual-processo-trabalho-4-edi-o-30235  |z Acceso restringido 
942 |c BOOK 
999 0 |a Labor Procedure